| 000 | 00784nam a22002177a 4500 | ||
|---|---|---|---|
| 999 |
_c19288 _d19288 |
||
| 003 | AR-CdUCM | ||
| 008 | 190517b ||||| |||| 00| 0 spa d | ||
| 040 |
_aMUNICIPALIDAD PROVINCIAL DEL CUSCO _cBIBLIOTECA MUNICIPAL DEL CUSCO |
||
| 082 |
_a181.4 / _bS97 |
||
| 100 |
_aSuzuki, D. T. _940543 |
||
| 245 | _aBudismo zen y psicoanálisis / | ||
| 260 |
_aMéxico : _bFondo de cultura económica, _c1964. |
||
| 300 |
_a152 páginas ; _c20 cm. |
||
| 505 | _aContenido : Conferencias sobre Suzuki -- La crisis espiritual de hoy -- Valores y metas en los conceptos psicoanalíticos... | ||
| 650 |
_aPrincipios del Budismo _940544 |
||
| 650 |
_aConferencias de Budismo _940545 |
||
| 650 |
_aEl inconsciente _940546 |
||
| 700 |
_aFromm, Erich _915117 |
||
| 942 |
_2ddc _cLIBROS |
||
| 945 | _arcc | ||